Stolice Świata - Poziom ekstremalny - Statystyki

Ogólne statystyki
  • Ten quiz został rozwiązany 16 razy
  • Średni wynik to 4 z 6
Statystyki odpowiedzi
Pytanie Odpowiedź % Poprawnych
Gwinea Bissau Bissau
93%
Bhutan Thimphu
87%
Benin Porto Novo
80%
Tuvalu Funafuti
60%
Wyspy Marshalla Majuro
60%
Tonga Nuku Alofa
47%
Nie znaleziono quizów pasujących do podanych kryteriów
Rozkład punktacji
Procent ludzi z każdym wynikiem
Percentyl według liczby udzielonych odpowiedzi
Twoja historia wyników
Nie rozwiązałeś tego quizu